000 01443nam a22003017a 4500
001 7160
003 FISKH
005 20250630150210.0
008 250630b cb ||||| |||| 00| 0 eng d
020 _a9780553157598
040 _aFISKH
_beng
_cFISKH
_dFISKH
050 _aPZ7.S8486 R86
082 _a 813.54
100 _aStewart, Mia Molly
245 _aSweet valley kids :
_bRunaway hamster /
_cWritten by Molly Mia Stewart ; Created by Francine Pascal ; Illustrated by Ying-Hwa Hu
250 _aThis edition first published in 1989
260 _aNew York :
_bA Bantam Skylark,
_c1989
300 _a73 pages :
_billustrations ;
_c20 cm
505 _aG
520 _aElizabeth and Jessica Wakefield love being the only twins in their second-grade class. They wear matching outfits to school every day and always sit together. But twins don't always like the same things. Elizabeth is excited about taking the class hamster, Tinkerbell, home for winter vacation. But Jessica thinks Tinkerbell is disgusting. When it's Jessica's turn to feed the hamster, she forgets to shut the cage door tightly--and Tinkerbell escapes! Will the twins find Tinkerbell? If they don't, what will they tell their friends?
521 8 _a380
_bLexile
521 8 _aG
_bRaz-Plus
650 _2Hamsters
_aValley
650 _2Sweet Valley
_aHamsters--Fiction
700 _aHu, Ying-Hwa
_dillustrator
942 _2ddc
_cBK
_n0
999 _c7160
_d7160